Encrucijadas de fin de siglo

Αποθηκεύτηκε σε:
Λεπτομέρειες βιβλιογραφικής εγγραφής
Μορφή: Κείμενο
Ετικέτες: Προσθήκη ετικέτας
Δεν υπάρχουν, Καταχωρήστε ετικέτα πρώτοι!

MARC

LEADER 00000 a a2200000 04500
001 7116
003
040
245 |a Encrucijadas de fin de siglo 
773 |g volumen 18, número 213; páginas 3-10  
999 |c 33819  |d 33819